Skoki Narciarskie- zwycięzcy największych turniejów - Statystyki

Ogólne statystyki
  • Ten quiz został rozwiązany 598 razy
  • Średni wynik to 82 z 184
Statystyki odpowiedzi
Hint Odpowiedź % Poprawnych
IO Duża 14IO Duża 18 | IO Normalna 14 | MŚ Duża 13 | +5 others Stoch
99%
MŚ Normalna 01 MŚ Normalna 03 MŚ Normalna 07 | MŚ Duża 03 | PŚ 00/01PŚ 01/02 PŚ 02/03 PŚ 06/07 | TCS 00/01 Małysz
97%
PLANICA 7 2019 | PŚ 18/19 | RAW AIR 2019 | +3 others Kobayashi
92%
MŚ Duża 17MŚ Duża 21 | MŚ Normalna 17 | PŚ 16/17PŚ 19/20 | +2 others Kraft
92%
MŚ Normalna 19 | TCS 19/20 Kubacki
92%
MŚ Normalna 21 Żyła
88%
MŚwL 16 | PŚ 15/16 | TCS 15/16 Prevc
87%
IO Duża 02IO Duża 10 | IO Normalna 02IO Normalna 10 | MŚ Duża 07 | +2 others Ammann
85%
MŚ Duża 05 | MŚ Normalna 97 | PŚ 03/04PŚ 04/05 | TCS 98/99TCS 02/03 TCS 04/05 TCS 05/06 TCS 07/08 Ahonen
84%
PLANICA 7 2021 | PŚ 20/21 | WILLINGEN FIVE/SIX 2021 Granerud
81%
IO Duża 06 | MŚ Normalna 11 | PŚ 07/08PŚ 10/11 | TCS 10/11 Morgenstern
77%
MŚ Duża 15 | MŚwL 14 | PŚ 14/15 Freund
76%
MŚ Duża 11 | MŚwL 08 | PŚ 08/09PŚ 12/13 | TCS 11/12TCS 12/13 Schlierenzauer
76%
MŚwL 20/21 Geiger
71%
MŚwL 92 Kasai
71%
MŚ Normakna 13 | PŚ 11/12 Bardal
69%
IO Normalna 18 Wellinger
69%
MŚ Duża 99MŚ Duża 01 | PŚ 98/99PŚ 99/00 Schmitt
68%
PŚ 05/06 | TCS 05/06 Janda
67%
IO Duża 84IO Duża 88 | IO Normalna 88 | MŚ Duża 82 | +3 others Nykanen
65%
MŚwL 00MŚwL 02 | TCS 01/02 Hannawald
62%
MŚwL 18 Tande
62%
MŚ Duża 19 Eisenbichler
56%
IO Duża 98 | MŚ Normalna 99 | MŚwL 98 | TCS 97/98 Funaki
54%
TCS 09/10 Kofler
54%
PŚ 96/97PŚ 97/98 | TCS 96/97 Peterka
54%
MŚwL 96 | PŚ 92/93PŚ 94/95 PŚ 95/96 | TCS 92/93TCS 94/95 Goldberger
53%
IO Duża 72 Fortuna
51%
MŚwL 12 Kranjec
51%
TCS 13/14 Diethart
49%
MŚ Normalna 09 | TCS 08/09 Loitzl
47%
MŚ Normalna 15 Velta
47%
IO Duża 94 | IO Normalna 84 | MŚ Normalna 85 MŚ Normalna 89 | +2 others Weissflog
46%
WILLINGEN FIVE/SIX 2020 Leyhe
45%
TCS 06/07 Jacobsen
37%
MŚ Normalna 05 Benkovic
35%
IO Normalna 94 | MŚ Duża 93 | PŚ 93/94 | TCS 93/94 Bredesen
34%
IO Duża 92 | PŚ 91/92 | TCS 91/92 Nieminen
33%
MŚ Duża 09 Kuttel
32%
MŚ Duża 87 | MŚwL 86 | PŚ 90/91 Felder
30%
IO Normalna 06 Bystol
29%
MŚwL 04MŚwL 06 Ljokelsoy
29%
MŚ Duża 97 | MŚ Normalna 93 Harada
28%
MŚ Normalna 82 | MŚwL 79 | PŚ 80/81PŚ 81/82 Kogler
28%
MŚ Normalna 95 Okabe
26%
PŚ 88/89 Boklov
23%
PŚ 79/80 | TCS 79/80TCS 80/81 Neuper
23%
PŚ 89/90 Nikkola
22%
TCS 99/00 Widholzl
22%
TCS 03/04 Petersen
20%
MŚwL 90 | TCS 89/90 Thoma
20%
MŚ Duża 66 | MŚ Normalna 66 | TCS 66/67TCS 67/68 TCS 68/69 Wirkola
19%
MŚwL 94 Sakala
18%
IO Normalna 98 Soininen
16%
IO Normalna 80 Innauer
15%
IO Normalna 68 | TCS 70/71 Raska
15%
MŚ Duża 95 Ingebrigtsen
14%
IO Normalna 72 Kasaya
14%
PŚ 86/87 Opaas
14%
IO Normalna 92 | TCS 85/86TCS 86/87 Vettori
14%
TCS 1953 Bradl
13%
MŚ Normalna 91 Kuttin
13%
MŚwL 72MŚwL 77 Steiner
11%
TCS 72/73 Schmidt
10%
IO Normalna 76 | MŚ Duża 74 | MŚ Normalna 74 | +2 others Aschenbach
9%
IO Duża 60 | MŚ Duża 62 | TCS 57/58 TCS 58/59 TCS 60/61 Recknagel
9%
TCS 55/56 Kamienski
7%
MŚ Duża 89 | MŚwL 81 Puikkonen
7%
MŚ Normalna 87 Parma
6%
TCS 78/79 Kokkonen
5%
TCS 88/89 Laakkonen
5%
MŚ Duża 91 Petek
5%
MŚ Duża 85 Bergerud
4%
TCS 53/54 Bjornstad
4%
TCS 81/82 Deckert
4%
IO Duża 64 | MŚ Normalna 62 | TCS 62/63 Engan
4%
TCS 69/70 Queck
4%
IO Duża 68 Biełousow
3%
TCS 59/60 Bolkart
3%
TCS 64/65 Brandtzaeg
3%
MŚ Normalna 78 Buse
3%
IO Normalna 64 | TCS 63/64TCS 65/66 Kankkonen
3%
TCS 61/62 Kirjonen
3%
TCS 71/72 Mork
3%
MŚ Duża 70 | MŚ Normalna 70 Napałkow
3%
MŚwL 83 Ostwald
3%
TCS 54/55 Silvennoinen
3%
IO Duża 80 Törmänen
3%
TCS 56/57 Uotinen
3%
TCS 77/78 Ylianttila
3%
TCS 75/76TCS 76/77 Danneberg
2%
MŚwL 75 Kodejska
2%
MŚ Duża 78 Raisanen
2%
IO Duża 76 Schnabi
2%
MŚwL 88 Fidjestoi
1%
TCS 74/75 Purlst
1%
IO Duża 1924-1956 ThamsAndersen Ruud Hugsted Bergmann Hyvärinen
1%
MŚ Duża 1925-1958 DickThams Edman Ruud Andersen Reymond Johansson Bradl Bjornstad Pietikainen Karkinen
0%
Nie znaleziono quizów pasujących do podanych kryteriów
Rozkład punktacji
Procent ludzi z każdym wynikiem
Percentyl według liczby udzielonych odpowiedzi
Twoja historia wyników
Nie rozwiązałeś tego quizu